MARC details
| 000 -CABECERA |
| campo de control de longitud fija |
02659a Gua2200289Ars4500 Jesús‡955622 |
| 003 - IDENTIFICADOR DEL NÚMERO DE CONTROL |
| campo de control |
MX-MxUPN |
| 005 - FECHA Y HORA DE LA ÚLTIMA TRANSACCIÓN |
| campo de control |
20250227101726.0 |
| 007 - CAMPO FIJO DE DESCRIPCIÓN FÍSICA--INFORMACIÓN GENERAL |
| campo de control de longitud fija |
cr a |
| 008 - ELEMENTOS DE LONGITUD FIJA--INFORMACIÓN GENERAL |
| campo de control de longitud fija |
250227s2020 sp ||||fo|||| 000 0 spa d |
| 020 ## - NÚMERO INTERNACIONAL NORMALIZADO PARA LIBROS |
| Número Internacional Estándar del Libro |
9788490444078 |
| 040 ## - FUENTE DE LA CATALOGACIÓN |
| Centro catalogador/agencia de origen |
MX-MxUPN |
| Lengua de catalogación |
spa |
| Centro/agencia transcriptor |
MX-MxUPN |
| Normas de descripción |
aacr2 |
| 041 0# - CÓDIGO DE IDIOMA |
| Código de lengua del texto/banda sonora o título independiente |
spa |
| 050 14 - SIGNATURA TOPOGRÁFICA DE LA BIBLIOTECA DEL CONGRESO |
| Número de clasificación |
NC965 |
| 245 00 - MENCIÓN DE TÍTULO |
| Título |
Libros álbum que desafían los estereotipos de género y el concepto de familia tradicional : |
| Resto del título |
análisis semiótico y multimodal |
| Medio |
[recurso electrónico en línea] |
| 260 ## - PUBLICACIÓN, DISTRIBUCIÓN, ETC. |
| Lugar de publicación, distribución, etc. |
Cuenca : |
| Nombre del editor, distribuidor, etc. |
Ediciones de la Universidad de Castilla-La Mancha, |
| Fecha de publicación, distribución, etc. |
2020. |
| 300 ## - DESCRIPCIÓN FÍSICA |
| Extensión |
1 recurso en línea (348 páginas) : |
| Otras características físicas |
PDF |
| 490 0# - MENCIÓN DE SERIE |
| Mención de serie |
Colección Arcadia ; |
| Designación de volumen o secuencia |
31 |
| 505 00 - NOTA DE CONTENIDO CON FORMATO PREESTABLECIDO |
| Título |
Hacia un análisis multimodal del libro álbum y los estudios de género / |
| Mención de responsabilidad |
Arsenio Jesús Moya Guijarro y Cristina Cañamares Torrijos -- |
| Título |
Un análisis semiótico y multimodal de las relaciones de interacción en libros álbum que desafían los estereotipos de género femeninos / |
| Mención de responsabilidad |
Carmen Santamaría García -- |
| Título |
La subversión de los estereotipos de princesa en tres álbumes posmodernos / |
| Mención de responsabilidad |
Francisco J. Rodríguez Muñoz y María del Mar Ruiz Domínguez -- |
| Título |
Parodia e ironía intertextual como estrategias subversivas. Tradición literaria y ruptura de estereotipos / |
| Mención de responsabilidad |
Jesús Díaz Armas -- |
| Título |
Identidad y atributos fijos y negociables en representaciones alternativas al estereotipo de género masculino en libros álbum infantiles en lengua inglesa / |
| Mención de responsabilidad |
Izaskun Elorza -- |
| Título |
Hacia una literatura del arcoíris: una propuesta de análisis de “álbumes de vestidos” / |
| Mención de responsabilidad |
Emanuel Madalena y Ana Margarida Ramos -- |
| Título |
La conquista de espacios exteriores en libros álbum que rompen con estereotipos de género. Análisis semiótico y multimodal de sus escenarios / |
| Mención de responsabilidad |
Arsenio Jesús Moya Guijarro y Cristina Cañamares Torrijos -- |
| Título |
Nuevas masculinidades en una muestra de libros álbum con padres gais: un análisis crítico multimodal / |
| Mención de responsabilidad |
María Martínez Lirola -- |
| Título |
Relaciones interpersonales en libros álbum que cuestionan el modelo de familia tradicional / |
| Mención de responsabilidad |
María Jesús Pinar-Sanz -- |
| Título |
Análisis de epitextos virtuales de diez álbumes ilustrados desde una perspectiva Queer / |
| Mención de responsabilidad |
Guillermo Soler Quílez, Arantxa Martín-Martín y José Rovira-Collado. |
| 506 0# - NOTA DE RESTRICCIONES AL ACCESO |
| Limitaciones de acceso |
Acceso abierto. |
| 650 #4 - ASIENTO SECUNDARIO DE MATERIA - TERMINO TEMATICO |
| Término de materia o nombre geográfico como elemento de entrada |
Libros ilustrados para niños |
| Subdivisión general |
Historia y crítica |
| 9 (RLIN) |
55624 |
| 650 #4 - ASIENTO SECUNDARIO DE MATERIA - TERMINO TEMATICO |
| Término de materia o nombre geográfico como elemento de entrada |
Libros ilustrados para niños |
| Subdivisión general |
Aspectos sociales |
| 9 (RLIN) |
55626 |
| 700 1# - ASIENTO SECUNDARIO--NOMBRE DE PERSONAL |
| Nombre de persona |
Moya Guijarro, Arsenio Jesús |
| 9 (RLIN) |
55622 |
| Término indicativo de función/relación |
coordinación |
| 700 1# - ASIENTO SECUNDARIO--NOMBRE DE PERSONAL |
| Nombre de persona |
Cañamares Torrijos, Cristina |
| 9 (RLIN) |
55623 |
| Término indicativo de función/relación |
coordinación |
| 856 40 - LOCALIZACIÓN Y ACCESO ELECTRÓNICOS |
| Identificador Uniforme del Recurso |
<a href="https://hdl.handle.net/10578/26604">https://hdl.handle.net/10578/26604</a> |
| 902 ## - ELEMENTOS DE DATOS B LOCAL, LDB (RLIN) |
| Creó |
Víctor Ruiz/270225 |
| 942 ## - ELEMENTOS DE PUNTO DE ACCESO ADICIONAL (KOHA) |
| Fuente del sistema de clasificación o colocación |
Library of Congress Classification |
| Tipo de ítem Koha |
Libro Electrónico |